000 00873nam a2200265Ia 4500
003 OSt
005 20220928130400.0
006 a|||||r|||| 00| 0
007 ta
008 220927b |||||||| |||| 00| 0 eng d
020 _c9683.8700000000008
024 _a128368
037 _b68, 15/12/2015, Aviva Books Company
_cTextual
040 _aSDCL
_cSDCL
_beng
041 _2eng
_aeng
082 _aD651:911, Q5
100 _aWabnitz Stefan Ed.
_9473753
245 0 _aAll-Optical signal processing
_b Data communication and storage applications
260 _aNew York
_b Springer
_c2015
300 _axx;512p.
_ccm.
650 _aElectronic Science
700 _a Eggleton Benjamin J Ed.
_9473754
942 _hD651:911, Q5
_cTEXL
_2CC
999 _c786350
_d786350